000
00420nam a2200133Ia 4500
008
100328s9999 xx 000 0 und d
082
_b
60252
100
_a
दळवी श्रीकृष्ण
245
_a
ही माणसे मोठीच.
260
_b
गं्रथाली.
630
_a
ही माणसे मोठीच.
730
_a
ही माणसे मोठीच.
942
_c
BOOK
999
_c
546414
_d
546411